000 00270nam a2200109Ia 4500
008 190216s9999||||xx |||||||||||||| ||und||
100 _aFedrick J Wood
245 0 _aCurrent English Usage
260 _bThe English Language Book Society
650 _aEnglish
942 _cBK
999 _c12884
_d12884